|
|
|
|
| LEADER |
01790nam a22003614a 4500 |
| 001 |
35634 |
| 003 |
BD-DhAAL |
| 005 |
20211205125514.0 |
| 008 |
191114t2005 caua b 001 0 eng d |
| 999 |
|
|
|c 41812
|d 41812
|
| 010 |
|
|
|a 2004018165
|
| 020 |
|
|
|a 0761931341 (pbk. : alk. paper)
|
| 020 |
|
|
|a 9780761931348
|
| 020 |
|
|
|a 0761931333 (cloth : alk. paper)
|
| 040 |
|
|
|a DLC
|c DLC
|d DLC
|d BD-DhAAL
|
| 042 |
|
|
|a pcc
|
| 050 |
0 |
0 |
|a LC3969.45
|b .D84 2005
|
| 082 |
0 |
0 |
|a 371.9
|2 22
|
| 100 |
1 |
|
|a Duffy, Mary Lou.
|9 37103
|
| 245 |
1 |
0 |
|a Mentoring new special education teachers :
|b a guide for mentors and program developers /
|c Mary Lou Duffy, James Forgan.
|
| 260 |
|
|
|a Thousand Oaks, Calif. :
|b Corwin Press,
|c c2005.
|
| 300 |
|
|
|a xvi, 168 pages :
|b illustrations ;
|c 29 cm.
|
| 504 |
|
|
|a Includes bibliographical references and index.
|
| 505 |
0 |
|
|a New special education teachers -- Supports for special education teacher -- Designing mentoring programs -- Becoming a mentor -- Effective communication skills -- Learning about adult learners.
|
| 526 |
|
|
|a BIED
|
| 541 |
|
|
|a Complimentary copy from BIED
|e 35634, 36161
|
| 650 |
|
0 |
|a Special education teachers
|x In-service training.
|9 37104
|
| 650 |
|
0 |
|a Mentoring in education.
|9 37105
|
| 700 |
1 |
|
|a Forgan, James W.
|9 37106
|
| 852 |
|
|
|a Ayesha Abed Library
|c BIED Collection
|
| 942 |
|
|
|2 ddc
|c BK
|
| 952 |
|
|
|0 0
|1 0
|2 ddc
|4 0
|6 371_900000000000000_DUF
|7 0
|9 67136
|a BRACUL
|b BRACUL
|c GEN
|d 2019-11-14
|e Complimentary copy from BIED
|l 0
|o 371.9 DUF
|p 3010036161
|r 2019-11-14
|t 2
|w 2019-11-14
|y BK
|x Transferred from BIED to General Stacks
|
| 952 |
|
|
|0 0
|1 0
|2 ddc
|4 0
|6 371_900000000000000_DUF
|7 0
|9 67711
|a BRACUL
|b BRACUL
|c GEN
|d 2020-01-13
|e Complimentary copy from BIED
|l 0
|o 371.9 DUF
|p 3010035634
|r 2020-01-13
|t 1
|w 2020-01-13
|y BK
|x Transferred from BIED to General Stacks
|